Engels-Afrikaanse Regswoordeboek / (Record no. 1074)
[ view plain ]
| 000 -LEADER | |
|---|---|
| fixed length control field | 00506nam a22001577a 4500 |
| 005 - DATE AND TIME OF INPUT | |
| control field | 20231130072448.0 |
| 008 - DATA ELEMENTS--GENERAL INFORMATION | |
| fixed length control field | 231130b |||||||| |||| 00| 0 eng d |
| 041 ## - LANGUAGE CODE | |
| Language code of text | Afrikaans |
| 082 ## - SHELF NUMBER | |
| DDC number | 340.03 HIE |
| 100 ## - MAIN AUTHOR | |
| Main author's name | Hiemstra, VG en Gonin, HL |
| Language of a work | Afrikaans |
| 245 ## - TITLE STATEMENT | |
| Title | Engels-Afrikaanse Regswoordeboek / |
| Statement of responsibility, etc. | VG Hiemstra en HL Gonin |
| 260 ## - PUBLICATION, DISTRIBUTION, ETC. | |
| Place of publication, distribution, etc. | Kaapstad : |
| Name of publisher, distributor, etc. | Juta en Kie. Bpk, |
| Date of publication, distribution, etc. | 1963 |
| 300 ## - PHYSICAL DESCRIPTION | |
| Other physical details | 148 pages ; |
| Dimensions | 26 cm. |
| 650 ## - SUBJECT` | |
| Broad subject | Legal practice |
| Own subject terms | Law |
| 942 ## - ADDED ENTRY ELEMENTS (KOHA) | |
| Item type | Books |
| 942 ## - ADDED ENTRY ELEMENTS (KOHA) | |
| -- | ALISON_BN_VRIES |
| Source of classification or shelving scheme | Not for loan | Collection code | Home library | Current library | Shelving location | Date acquired | Full call number | Barcode | Price effective from | Koha item type |
|---|---|---|---|---|---|---|---|---|---|---|
| Dewey Decimal Classification | TEXT BOOKS | LAW SOCIETY OF NAMIBIA LIBRARY - WINDHOEK | LAW SOCIETY OF NAMIBIA LIBRARY - WINDHOEK | General Shelf | 11/30/2023 | 340.03 HIE | LSN/1986/33 | 11/30/2023 | Books |
